ARRUPE JESUIT UNIVERSITY

CORONAVIRUS -STOP THE SPREAD - CLEAN,DISINFECT,COVER

Resolving public conflict : (Record no. 118343)

MARC details
000 -LEADER
fixed length control field 01137cam a2200289 a 4500
001 - CONTROL NUMBER
control field 1143949
003 - CONTROL NUMBER IDENTIFIER
control field ARRUPE
005 - DATE AND TIME OF LATEST TRANSACTION
control field 20150411020005.0
008 - FIXED-LENGTH DATA ELEMENTS--GENERAL INFORMATION
fixed length control field 951121s1996 enk b 001 0 eng
010 ## - LIBRARY OF CONGRESS CONTROL NUMBER
LC control number 95026495
020 ## - INTERNATIONAL STANDARD BOOK NUMBER
International Standard Book Number 0719045126 (hardback)
020 ## - INTERNATIONAL STANDARD BOOK NUMBER
International Standard Book Number 0719045134 (pbk.)
040 ## - CATALOGING SOURCE
Original cataloging agency DLC
Transcribing agency DLC
Modifying agency DLC
050 00 - LIBRARY OF CONGRESS CALL NUMBER
Classification number HM136
Item number .D783 1996
300 ## - PHYSICAL DESCRIPTION
Dimensions 24 cm.
100 1# - MAIN ENTRY--PERSONAL NAME
Personal name Dukes, E. Franklin.
9 (RLIN) 2505
245 10 - TITLE STATEMENT
Title Resolving public conflict :
Remainder of title transforming community and governance /
Statement of responsibility, etc E. Franklin Dukes.
260 ## - PUBLICATION, DISTRIBUTION, ETC. (IMPRINT)
Place of publication, distribution, etc Manchester ;
-- New York :
Name of publisher, distributor, etc Manchester University Press ;
Place of publication, distribution, etc New York :
Name of publisher, distributor, etc Distributed exclusively in the USA by St. Martin's Press,
Date of publication, distribution, etc 1996.
300 ## - PHYSICAL DESCRIPTION
Extent xiv, 226 p. ;
440 #0 - SERIES STATEMENT/ADDED ENTRY--TITLE
Title Political analyses
9 (RLIN) 2506
504 ## - BIBLIOGRAPHY, ETC. NOTE
Bibliography, etc Includes bibliographical references (p. 197-216) and index.
650 #0 - SUBJECT ADDED ENTRY--TOPICAL TERM
Topical term or geographic name as entry element Conflict management.
9 (RLIN) 2507
650 #0 - SUBJECT ADDED ENTRY--TOPICAL TERM
Topical term or geographic name as entry element Mediation.
9 (RLIN) 2508
650 #0 - SUBJECT ADDED ENTRY--TOPICAL TERM
Topical term or geographic name as entry element Dispute resolution (Law)
9 (RLIN) 2509
906 ## - LOCAL DATA ELEMENT F, LDF (RLIN)
a 7
b cbc
c orignew
d 1
e ocip
f 19
g y-gencatlg
942 ## - ADDED ENTRY ELEMENTS (KOHA)
Source of classification or shelving scheme Library of Congress Classification
Koha item type Monograph ( Printed materials)
Koha issues (borrowed), all copies 3
Holdings
Withdrawn status Lost status Source of classification or shelving scheme Damaged status Not for loan Collection code Home library Current library Shelving location Date acquired Total Checkouts Full call number Barcode Date last seen Date checked out Price effective from Koha item type
    Library of Congress Classification     Main Collection ARRUPE LIBRARY ARRUPE LIBRARY Main Collection 14/10/2013 3 HM136 .D783 1996 46411014 30/04/2018 10/04/2015 14/10/2013 Monograph ( Printed materials)

 

Arrupe Library. PO Box MP320 Mt Pleasant, Harare, Zimbabwe
263 242 745411|librarian@aju.ac.zw